Statistics for Länder med gräns mot Tyskland

Click here to take the quiz!

General Stats

  • This quiz has been taken 58 times
  • The average score is 9 of 9

Answer Stats

LängdLand% Correct
68 kmDanmark
100%
784 kmÖsterrike
100%
456 kmPolen
100%
167 kmBelgien
96%
577 kmNederländerna
96%
334 kmSchweiz
96%
138 kmLuxemburg
94%
815 kmTjeckien
94%
451 kmFrankrike
92%

Score Distribution

Percentile by Number Answered

Percent of People with Each Score

Your Score History

You have not taken this quiz